Analýza pohybu a štruktúry pracovníkov v spoločnosti Zekon, a.s. diplomová práca

Na minha lista:
Detalhes bibliográficos
Autor principal: Baláž, Peter
Autor Corporativo: Podnikovohospodárska fakulta EU so sídlom v Košiciach. Katedra manažmentu
Outros Autores: Bosáková, Mária
Formato: Livro
Idioma:eslovaco
Publicado em: Košice 2009
Tags: Adicionar Tag
Sem tags, seja o primeiro a adicionar uma tag!

MARC

LEADER 00000nam$a2200000$$$4500
001 0098929
005 20240318131014.4
041 0 |a slo 
044 |a SK 
245 1 0 |a Analýza pohybu a štruktúry pracovníkov v spoločnosti Zekon, a.s.  |b diplomová práca  |c Peter Baláž ; škol. Mária Bosáková 
264 1 |a Košice  |c 2009 
300 |a 107 s. 
100 1 |a Baláž, Peter 
700 1 |a Bosáková, Mária 
710 2 |a Podnikovohospodárska fakulta EU so sídlom v Košiciach. Katedra manažmentu